00421nam a22001577a 4500003000400000005001700004008004100021020001800062082001800080100001800098245005700116250001200173260003800185300001500223500002500238OSt20250212152244.0250128b |||||||| |||| 00| 0 eng d a9789387085862 a610.720bD53F aDhikav, Vikas aFundamentals of Biomedical Researchcby Vikas Dhikav a1st ed. aNew Delhi bCBS Publishers c2018 a222p. bPB aBiomedical Research